| 000 | 005930000a22001810004500 | ||
|---|---|---|---|
| 090 | _aSERIADAS | ||
| 100 | 1 |
_aDuarte, Oscar _9100786 |
|
| 700 | 1 |
_aVelho, Lea _9100787 |
|
| 245 | 1 | 0 | _aAnálisis del marco legal en Colombia para la implementación de prácticas en bioprospección |
| 044 | _aColombia | ||
| 041 | 0 | _aEspañol | |
| 650 | 1 | 4 |
_aBioprospección _993872 |
| 650 | 1 | 4 |
_aLegislación ambiental _992309 |
| 650 | 1 | 4 |
_aAcceso a los recursos genéticos _996210 |
| 650 | 1 | 4 |
_aConocimiento tradicional _992244 |
| 942 | _cARTICULO | ||
| 773 | 1 |
_tActa biológica colombiana _h2 _q103-121 _d2008 _g13 |
|
| 999 |
_c16416 _d16416 |
||